00545cam a22002171 4500001001300000003000400013005001700017008004100034010001700075035002000092040001800112042001200130050002400142100003300166245004500199260001100244300001800255500001300273700002400286999001700310sa 68005748 DLC20260227112511.0890620s1966 ii 000 0 urd  asa 68005748  a(OCoLC)19902471 aDLCcWaUdDLC apremarc00aPK2199.B33bK5 19660 aBāqir ʻAlī,d1850-1928.10aK̲h̲alīl K̲h̲ān̲ Fāk̲h̲tah. c[1966] a80 p.c19 cm. aIn Urdu.0 aZamir Hasan,d1940- c80930d80930